• 首页
  • 本馆介绍
  • 公告通知
  • 最新文献
  • 馆藏检索
  • 电子资源
  • 读者导购
  • 参考咨询
  • 我的图书馆
  • 登录
  • 详细信息显示
  • 放入我的书架
  • 预约/预借图书
  • 作者相关作品
  • 分类相关作品
  • 丛书相关作品
  • 出版社相关作品

书目信息

  • 表格格式
  • 工作单格式
  • 卡片格式
题名:
MBA管理信息系统精华读本
    
 
作者: 孔淑红 编著
分册:  
出版信息: 合肥   安徽人民出版社  2002
页数: 13,404页
开本: 21cm
丛书名: 美国著名商学院MBA核心课程
单 册:
中图分类: C931.6
科图分类:
主题词: 管理信息系统--高等学校--教材 , 管理信息系统
电子资源:
ISBN: 7-212-02150-4
000 00988oam2 2200265 450
001 020000018259
005 20051018090439.78
010    @a7-212-02150-4@dCNY25.00
092    @aCN
100    @a20040906d2002 ekmy0chiy0120 ea
101 0  @achi
102    @aCN@b340000
105    @ay z 000yy
200 1  @aMBA管理信息系统精华读本@9MBA guan li xin xi xi tong jing hua du ben@f孔淑红编著@Fkong shu hong bian zhu
210    @a合肥@c安徽人民出版社@d2002
215    @a13,404页@d21cm
225 2  @a美国著名商学院MBA核心课程@f侯书森主编
330    @a本书主要内容包括:管理信息系统概论、计算机系统、通信与网络、数据库管理、管理信息系统开发、管理信息系统设计、决策层管理信息系统、经营层管理信息系统、管理信息系统的运行管理、企业电子商务实务。
461  0 @12001 @a美国著名商学院MBA核心课程
606 0  @a管理信息系统@x高等学校@j教材
606 0  @a管理信息系统
690    @aC931.6@v4
701  0 @a孔淑红@Akong shu hong@4编著
801  0 @aCN@bTSSF@c20051018
905    @a10447@dC931.6@e190
    
    MBA管理信息系统精华读本/孔淑红编著.-合肥:安徽人民出版社,2002
    13,404页;21cm.-(美国著名商学院MBA核心课程/侯书森主编)
    
    
    ISBN 7-212-02150-4:CNY25.00
    本书主要内容包括:管理信息系统概论、计算机系统、通信与网络、数据库管理、管理信息系统开发、管理信息系统设计、决策层管理信息系统、经营层管理信息系统、管理信息系统的运行管理、企业电子商务实务。
●
相关链接 在E读中查询图书 在五车中查询图书 在当当中查询图书 在豆瓣中查询图书


正题名:MBA管理信息系统精华读本     索取号:C931.6/190         预约/预借

序号 登录号 条形码 馆藏地/架位号 状态 备注
1 0365901   3659017   第一样本阅览室/ [索取号:C931.6/190] 在馆    
2 0365902   3659026   第一借阅区/ [索取号:C931.6/190] 在馆    
3 0365903   3659035   第一借阅区/ [索取号:C931.6/190] 在馆    
4 0365904   3659044   第一借阅区/ [索取号:C931.6/190] 在馆    
5 0365905   3659053   第一借阅区/ [索取号:C931.6/190] 在馆    
唐山师范学院图书馆 欢迎您!
大连网信软件有限公司© 版权所有